Wszystkie miasta-gospodarze UEFA EURO w XXI wieku (z mapą) - Statystyki

Ogólne statystyki
  • Ten quiz został rozwiązany 296 razy
  • Średni wynik to 33 z 53
Odpowiedzi na mapie
Odpowiedzi zakodowano w zielono-czerwonej skali na mapie do tego quizu, zgodnie z poniższymi procentami.
 
Statystyki odpowiedzi
Miasto % Poprawnych
Warszawa
99%
Gdańsk
98%
Poznań
97%
Wrocław
97%
Kijów
96%
Londyn
94%
Paryż
93%
Lizbona
91%
Lwów
91%
Rzym
90%
Wiedeń
90%
Budapeszt
89%
Kopenhaga
89%
Marsylia
88%
Porto
87%
Amsterdam
86%
Amsterdam
86%
Bukareszt
86%
Donieck
82%
Charków
81%
Monachium
81%
Lyon/Décines-Charpieu
79%
Berno
78%
Bruksela
78%
Glasgow
78%
Rotterdam
72%
Zurych
71%
Sewilla
70%
Nicea
66%
Salzburg
63%
Sankt Petersburg
61%
Genewa
59%
Bordeaux
56%
Lille/Villeneuve-d'Ascq
54%
Braga
53%
Innsbruck
49%
Eindhoven
46%
Tuluza
45%
Bazylea
41%
Brugia
37%
Liège
31%
Klagenfurt
29%
Baku
27%
Faro/Loulé
24%
Saint-Étienne
24%
Guimarães
17%
Saint-Denis
17%
Coimbra
15%
Lens
15%
Charleroi
14%
Arnhem
7%
Aveiro
7%
Leiria
5%
Nie znaleziono quizów pasujących do podanych kryteriów
Rozkład punktacji
Procent ludzi z każdym wynikiem
Percentyl według liczby udzielonych odpowiedzi
Twoja historia wyników
Nie rozwiązałeś tego quizu